Films avec André Pousse (par image) - Statistiques

Statistiques générales
  • Ce quiz a été pris 5 fois
  • Le résultat moyen est 7 sur 16
Statistiques - réponses
Par images Réponse % Correct
Deux heures moins le quart avant Jésus-Christ
80%
La Septième Compagnie au clair de lune
80%
Faut pas prendre les enfants du bon Dieu pour des canards sauvages
60%
D'où viens-tu Johnny ?
40%
Elle cause plus... elle flingue
40%
Flic story
40%
Le Clan des Siciliens
40%
Le Pacha
40%
Les égouts du Paradis
40%
Ne nous fâchons pas !
40%
Quelques messieurs trop tranquilles
40%
Une Veuve en or
40%
Un Idiot à Paris
40%
Fleur d'oseille
20%
Le Drapeau noir flotte sur la marmite
20%
Profession : aventuriers
20%
Aucun quiz correspondant
Distribution des résultats
% des personnes avec chaque résultat
Percentile par nombre de réponses
Votre historique - résultats
Vous n’avez pas pris ce quiz